000 00482cam a2200181ua 4500
003 OSt
008 250325b |||||||| |||| 00| 0 eng d
020 _a81-204-0056-X
041 _aeng
082 _a621.902
_bBAS/FU
100 _aBasu, S.K.
_95906
245 _aFundamentals of tool engineering design /
260 _aNew Delhi :
_bOxford & IBH Publishing company ,
_c1987.
300 _a261 ; .
700 1 _aMishra, R.
_97344
700 1 _aMukherjee, S.N.
_97345
942 _cBK
999 _c7568
_d7568